Statistiken für KFZ-Länderkennzeichen weltweit

Klicken Sie hier um das Quiz zu spielen!

Allgemein

  • Dieses Quiz wurde 222 mal gespielt
  • Das Durchschnittsergebnis liegt bei 60 aus 218

Antwortstatistiken

KennzeichenLand% Korrekt
AFGAfghanistan
92%
ANDAndorra
84%
AUSAustralien
84%
BBelgien
82%
AÖsterreich
81%
ANGAngola
75%
DDeutschland
70%
FINFinnland
69%
ESTEstland
66%
BOLBolivien
65%
IRLIrland
65%
FFrankreich
64%
DKDänemark
63%
CZTschechien
63%
CHNChina
62%
JORJordanien
62%
INDIndien
59%
GBVereinigtes Königreich
59%
DOMDominikanische Republik
58%
FJIFidschi
58%
ISIsland
57%
ALAlbanien
56%
BRUBrunei
56%
LAOLaos
56%
SLOSlowenien
56%
ESpanien
55%
AMArmenien
54%
IItalien
54%
LTLitauen
54%
MEXMexiko
54%
OMOman
54%
RUSRussland
54%
HUngarn
54%
NGRNigeria
52%
CYZypern
52%
BGBulgarien
51%
GRGriechenland
51%
NLNiederlande
51%
SYRSyrien
51%
BIHBosnien und Herzegowina
50%
GUYGuyana
50%
JJapan
50%
LVLettland
50%
AZAserbaidschan
49%
DJIDschibuti
49%
PPortugal
49%
SKSlowakei
49%
LLuxemburg
48%
SRBSerbien
48%
CHSchweiz
47%
IRQIrak
46%
YEMJemen
46%
NEPNepal
46%
PLPolen
46%
SUDSudan
46%
NAMNamibia
45%
MYAMyanmar
44%
SSchweden
44%
UZUsbekistan
44%
UAEVereinigte Arabische Emirate
44%
CDNKanada
42%
TUVTuvalu
42%
VVatikanstadt
42%
CGODemokratische Republik Kongo
41%
NAUNauru
41%
BHTBhutan
39%
JAJamaika
39%
HRKroatien
39%
KWTKuwait
39%
NNorwegen
39%
PALPalau
39%
RORumänien
39%
GUIGuinea
38%
CAMKamerun
38%
NZNeuseeland
38%
IRIran
37%
KZKasachstan
37%
ARUAruba
36%
ETHÄthiopien
36%
BRBrasilien
36%
QKatar
36%
COKolumbien
36%
NICNicaragua
36%
TRTürkei
36%
COMKomoren
35%
GHGhana
34%
PKPakistan
34%
RWARuanda
33%
USAVereinigte Staaten von Amerika
33%
ECEcuador
31%
KGKirgisistan
31%
MMalta
31%
VANVanuatu
31%
TONTonga
30%
UAUkraine
30%
EREritrea
29%
FLLiechtenstein
29%
MCMonaco
29%
SGPSingapur
27%
TGTogo
27%
BYWeißrussland
27%
BDSBarbados
26%
MALMalaysia
26%
MNEMontenegro
26%
PAPanama
26%
PEPeru
26%
BFBurkina Faso
25%
PYParaguay
25%
ZWSimbabwe
25%
GUBGuinea-Bissau
24%
HKHongkong
24%
MDMoldawien
24%
NMKNordmazedonien
24%
KIRKiribati
23%
SSDSüdsudan
23%
MNGMongolei
22%
SOSomalia
22%
TTTrinidad und Tobago
22%
HNHonduras
21%
ILIsrael
21%
LBLiberia
21%
TJTadschikistan
21%
VNVietnam
21%
BRNBahrain
20%
LSLesotho
20%
TMTurkmenistan
20%
AGAntigua und Barbuda
19%
BZBelize
19%
GEGeorgien
19%
MAMarokko
18%
TThailand
18%
ZSambia
17%
RSMSan Marino
17%
KSASaudi-Arabien
17%
BDBangladesch
16%
CRCosta Rica
16%
BWBotswana
15%
ETÄgypten
14%
PNGPapua-Neuguinea
14%
TNTunesien
14%
BSBahamas
13%
MVMalediven
13%
GGabun
12%
FSMMikronesien
12%
KKambodscha
11%
CKuba
11%
ZASüdafrika
11%
FOFäröer
10%
DZAlgerien
9%
GQÄquatorialguinea
9%
GCA + GTGuatemala
9%
GBGGuernsey
9%
GBJJersey
9%
MOCMosambik
9%
SYSeychellen
9%
RAArgentinien
8%
CIElfenbeinküste
8%
SOLSalomonen
8%
SNSenegal
8%
AXAland
7%
ESEl Salvador
7%
SMESuriname
7%
AXAAnguilla
6%
BVIBritische Jungferninseln
6%
RCHChile
6%
GBZGibraltar
6%
GBMIsle of Man
6%
CVKap Verde
6%
EAKKenia
6%
PRIPuerto Rico
6%
STPSão Tomé und Príncipe
6%
ROKSüdkorea
6%
EATTansania
6%
TDTschad
6%
RIIndonesien
5%
MHMarshallinseln
5%
MSMauritius
5%
NCLNeukaledonien
5%
RCTaiwan
5%
EAUUganda
5%
WDDominica
4%
WGGrenada
4%
RHHaiti
4%
RKSKosovo
4%
TLOsttimor
4%
WSSamoa
4%
WLSt. Lucia
4%
RTTogo
4%
YVVenezuela
4%
RCAZentralafrikanische Republik
4%
GBAAlderney
3%
VGBritische Jungferninseln
3%
RPPhilippinen
3%
KANSt. Kitts und Nevis
3%
SDSwasiland
3%
BJBenin
2%
RLLibanon
2%
LARLibyen
2%
RMMMali
2%
RCBRepublik Kongo
2%
WVSt. Vincent und die Grenadinen
2%
ROUUruguay
2%
WSAWestsahara
2%
RBBotswana
1%
WAGGambia
1%
RMMadagaskar
1%
RNNiger
1%
KPNordkorea
1%
WALSierra Leone
1%
CLSri Lanka
1%
RUBurundi
0%
KNGrönland
0%
RGGuinea
0%
RIMMauretanien
0%
NANiederländische Antillen
0%
NINordirland
0%
PMRTransnistrien
0%
WBWestjordanland
0%

Verteilung der Resultate

Perzentil nach korrekt beantworteten Fragen

Anzahl Personen mit jedem Resultat

Ihre Resultats-Entwicklung

Sie haben dieses Quiz noch nicht gespielt